A Magyar Királyi Honvédség gyorscsapatainak alkalmazásai 1938 és 1941 között - Kiss Gábor Ferenc "Lovon, gyalog, autón, biciklin, vasúton..." /

Elmentve itt :
Bibliográfiai részletek
Szerző: Döbör András
További közreműködők: Kiss Gábor Ferenc
Dokumentumtípus: Cikk
Megjelent: 2019
Sorozat:Délvidéki szemle 6 No. 2
Kulcsszavak:Hadsereg - Magyarország - 1938-1941 - könyvismertetés, Világháború - 2. - Magyarország - könyvismertetés
Tárgyszavak:
Online Access:http://acta.bibl.u-szeged.hu/73862
LEADER 00943nab a2200217 i 4500
001 acta73862
005 20251007083855.0
008 211112s2019 hu o 000 hun d
022 |a 2416-223X 
040 |a SZTE Egyetemi Kiadványok Repozitórium  |b hun 
041 |a hun 
100 1 |a Döbör András 
245 1 2 |a A Magyar Királyi Honvédség gyorscsapatainak alkalmazásai 1938 és 1941 között - Kiss Gábor Ferenc  |h [elektronikus dokumentum] :  |b "Lovon, gyalog, autón, biciklin, vasúton..." /  |c  Döbör András 
260 |c 2019 
300 |a 66-68 
490 0 |a Délvidéki szemle  |v 6 No. 2 
650 4 |a Bölcsészettudományok 
650 4 |a Történettudomány és régészet 
695 |a Hadsereg - Magyarország - 1938-1941 - könyvismertetés, Világháború - 2. - Magyarország - könyvismertetés 
700 0 1 |a Kiss Gábor Ferenc 
856 4 0 |u http://acta.bibl.u-szeged.hu/73862/1/delvideki_szemle_2019_002_066-068.pdf  |z Dokumentum-elérés